Classic Thomas the Tank Engine Characters - Statistics

General Stats
  • This quiz has been taken 295 times
  • The average score is 7 of 8
Answer Stats
Hint Answer % Correct
Gordon
96%
Thomas
93%
Percy
93%
James
92%
Bertie
90%
Toby
90%
Edward
87%
Henry
86%
No matching quizzes found
Score Distribution
Percent of People with Each Score
Percentile by Number Answered
Your Score History
You have not taken this quiz